Zváranie. STN 05 1142 : Skúšanie odolnosti zvarových spojov proti studenej praskavosti. Účinnosť: 1.1.1987

Na minha lista:
Detalhes bibliográficos
Formato: Livro
Idioma:eslovaco
Publicado em: Praha : Úřad pro normalizaci a měření, 1985
Assuntos:
Tags: Adicionar Tag
Sem tags, seja o primeiro a adicionar uma tag!

MARC

LEADER 00000nam a22000003a 4500
001 stu80469
005 20150408175440.0
008 030507s1985----cs------------------slo-d
040 |a STU  |b slo 
041 0 |a slo 
044 |a cs 
080 |a 621.7 
245 |a Zváranie. STN 05 1142 :  |b Skúšanie odolnosti zvarových spojov proti studenej praskavosti. Účinnosť: 1.1.1987 
260 |a Praha :  |b Úřad pro normalizaci a měření,  |c 1985 
300 |a 20 s 
650 7 |a zváranie  |2 stusub 
650 7 |a spoje zvarové  |2 stusub 
996 |b 284M053389  |c M*N-76-2  |l MMKN  |s A  |a 24  |w stu80469_0001 
996 |b 284M056536  |c M*N-76-1  |l MMST  |s P  |a 0  |w stu80469_0002